Sports Quiz

Random Sports Quiz

UFC: Fighting out of... Quiz Stats

 Plays Quiz not verified by Sporcle

Challenge
Share
Tweet
Embed
Score 0/22 Timer 08:00
0 Plays Today
Fighter's name % Correct
Tito OrtizHuntington Beach, California
78.6%
Frank MirLas Vegas, Nevada
73.8%
Forrest GriffinLas Vegas, Nevada
73.8%
Roy NelsonLas Vegas, Nevada
73.8%
Georges St-PierreMontreal, Quebec
71.4%
Mauricio RuaCuritiba, Brazil
42.9%
Rich FranklinCincinnati, Ohio
42.9%
Dan HardyNottingham, England
38.1%
Chael SonnenWest Linn, Oregon
33.3%
Shane CarwinDenver, Colorado
33.3%
Quinton JacksonMemphis, Tennessee
31%
Fighter's name % Correct
Donald CerroneAlbuquerque, New Mexico
31%
Chuck LiddellSan Luis Obispo, California
28.6%
Josh KoscheckFresno, California
26.2%
Thiago AlvesCoconut Creek, Florida
23.8%
Lyoto MachidaBelem, Brazil
14.3%
Brock LesnarAlexandria, Minnesota
11.9%
Benson HendersonGlendale, Arizona
11.9%
Yushin OkamiKanagawa, Japan
7.1%
Nam PhanGarden Grove, California
2.4%
Matt HughesHillsboro, Illinois
2.4%
Kenny FlorianBrookline, Massachusetts
2.4%

You're not logged in!

Compare scores with friends on all Sporcle quizzes.
Join for Free
OR
Log In

You Might Also Like...

Show Comments

Extras

Top Quizzes Today


Score Distribution

Your Account Isn't Verified!

In order to create a playlist on Sporcle, you need to verify the email address you used during registration. Go to your Sporcle Settings to finish the process.

Report this User

Report this user for behavior that violates our Community Guidelines.

Details: